| 000 | 01024nam a2200265 a 4500 | ||
|---|---|---|---|
| 001 | 000027547 | ||
| 005 | 20240430192052.0 | ||
| 008 | 110401s2002 dr ac 001 p spa d | ||
| 020 | _a9993403091 | ||
| 040 |
_aDO-SdBNP _bspa _cBNPHU |
||
| 082 |
_aRD861.44 _bB312v |
||
| 100 | 1 |
_aBasilio, Nicolás, _d1942- _96469 |
|
| 245 | 1 | 0 |
_aVisión y respuesta divina / _cNicolás Basilio. |
| 260 |
_aSanto Domingo : _bGráfica William, _c2002. |
||
| 300 |
_a59 p. : _bil., retrs. ; _c21 cm. |
||
| 505 | 0 | _aUna colección de versos inspirados en los acontecimientos del 11 de septiembre del 2001 en los Estados Unidos de Norte América y en otros que estarían por acontecer. | |
| 504 | _aBibliografía : p. 59 | ||
| 590 | _aInventariado, 2018/LP | ||
| 650 | 4 |
_aPoesía religiosa dominicana _924595 |
|
| 650 | 0 |
_aLiteratura dominicana. _967 |
|
| 650 | 4 |
_aBiblia en la literatura _954639 |
|
| 650 | 0 |
_aTerrorismo _93230 |
|
| 700 | 1 | 2 |
_aMarshall y Paredes, Gustavo Hubert, _epról. _954640 |
| 910 | _aValidado. Control de calidad EMS | ||
| 999 |
_c27039 _d27039 |
||